000 00641nam a2200241Ia 4500
003 OSt
005 20221006144853.0
006 a|||||r|||| 00| 0
007 ta
008 221006b |||||||| |||| 00| 0 eng d
024 _a13,009
037 _cTextual
040 _aEASL
_cEASL
_beng
041 _2eng
_aeng
082 _aV41:5941.M9, K4
100 _aSPECTOR Stanley
_9653057
245 0 _aLi hung-Chang and the huai army
260 _aSeatle
_bUniversity of Washigton
_c1964
300 _a359p.
_ccm.
490 _v CEL
942 _hV41:5941.M9, K4
_cTEXL
_2CC
999 _c1081095
_d1081095